01398nab a22002177a 4500999001500000003000400015005001700019008004100036040000700077100002600084245021600110300001300326505052600339505007200865650002600937650002000963650003600983700004001019773010801059942001301167 c5812d5812OSt20260106231108.0190514b xxu||||| |||| 00| 0 spa d cPJ 96721aSarquis, Lorena10aAdopción de niños, niñas y adolescentes en situación de discapacidad :baportes desde una mirada crítica para la garantía del derecho humano a vivir en familia /cLorena Sarquis, Camila Beguiristain. ap. 58-75 aSumario: I. Nuestro objetivo.— II. Enfoque de derechos humanos y las perspectivas de niñez y discapacidad en clave interseccional.— III. Repercusiones en las medidas excepcionales de protección de derechos.— IV. Garantías mínimas de procedimiento, relectura en clavede discapacidad: ajustes para garantizar el derecho humano a vivir en familia.— V. El camino hacia la adopción.— VI. Repercusiones en las niñeces y adolescencias con discapacidad psicosocial o intelectual.— VII. Palabras de cierre. tSi te interesa el texto, comunicate a koha@justierradelfuego.gov.ar 09614aDERECHOS HUMANOS 09974aADOPCIÓN 093271aPERSONAS CON DISCAPACIDAD 95951aBeguiristain, Camilaecoautor0 0284493222dBuenos Aires : AbeledoPerrot, 1989-tDerecho de familia. N° 117 - Noviembre 2024z18511201 2udccANA